Fast Typing - 1 to 50 - Statistics

General Stats
  • This quiz has been taken 263 times
  • The average score is 33 of 50
Answer Stats
Hint Answer % Correct
? 1
100%
? 2
97%
? 3
96%
? 4
93%
? 5
93%
? 6
92%
? 7
90%
? 8
89%
? 9
88%
? 11
85%
? 10
82%
? 12
82%
? 14
78%
? 13
77%
? 15
77%
? 17
76%
? 16
72%
? 18
71%
? 19
71%
? 21
71%
? 20
68%
? 22
65%
? 23
65%
? 25
64%
? 24
63%
? 26
63%
? 27
62%
? 28
61%
? 31
61%
? 29
60%
? 30
58%
? 32
55%
? 34
55%
? 35
53%
? 33
52%
? 36
52%
? 40
52%
? 41
52%
? 37
51%
? 38
49%
? 39
49%
? 42
49%
? 43
48%
? 44
48%
? 45
47%
? 47
45%
? 46
44%
? 50
43%
? 48
42%
? 49
42%
No matching quizzes found
Score Distribution
Percent of People with Each Score
Percentile by Number Answered
Your Score History
You have not taken this quiz